Najlepsi szachiści - Statystyki

Ogólne statystyki
  • Ten quiz został rozwiązany 29 razy
  • Średni wynik to 10 z 30
Statystyki odpowiedzi
Ranking Gracz % Poprawnych
2830 Carlsen
100%
2732 Duda
86%
2804 Caruana
71%
2788 Nakamura
71%
2762 Ding
67%
2760 Firouzja
62%
2757 So
57%
2743 Gukesh
52%
2748 Anand
43%
2762 Giri
38%
2717 Rapport
38%
2744 Abdusattorov
33%
2725 Aronian
33%
2758 Nepomniachtchi
33%
2747 Praggnanandhaa
29%
2755 Wei
29%
2738 Erigaisi
24%
2750 Karjakin
24%
2738 Keymer
24%
2732 Vachier-Lagrave
24%
2731 Le
19%
2732 Grischuk
14%
2722 Mamedyarov
14%
2723 Radjabov
14%
2727 Topalov
14%
2747 Vidit
10%
2715 Maghsoodloo
5%
2720 Yu
5%
2711 Artemiev
0%
2752 Dominguez Perez
0%
Nie znaleziono quizów pasujących do podanych kryteriów
Rozkład punktacji
Procent ludzi z każdym wynikiem
Percentyl według liczby udzielonych odpowiedzi
Twoja historia wyników
Nie rozwiązałeś tego quizu